Word Ladder: Lil Jon Wants To Know Quiz Stats

 Plays Quiz Updated Nov 3, 2014

Challenge
Share
Tweet
Embed
Score 0/22 Timer 03:00
0 Plays Today
Hint 4-Letter Word % Correct
Damage caused by a fireBURN
95.2%
Sensation caused by lack of heatCOLD
94.3%
Mustang maker in Detroit, MIFORD
93.7%
Withdraw from a round of pokerFOLD
93.7%
Beginning of a new ageDAWN
93.4%
Spin as the world doesTURN
93.3%
Direction of a lower positionDOWN
93.3%
Breathy response to boredomYAWN
92.7%
Twisted thread for knittingYARN
92.5%
Male offspring of a stallion and mareCOLT
91.6%
State of a freshly cut lawnMOWN
91.4%
Hint 4-Letter Word % Correct
Mournful cry of pain of sorrowMOAN
90.6%
Layer of paint or varnishCOAT
89.3%
Shed for housing railroad carsBARN
89%
Disposition of Lohan's 'Girls'MEAN
88.6%
Casual, informal conversationCHAT
88.3%
Tiger's cry on the linksFORE
88.2%
Like Old Mother Hubbard's cupboardBARE
87.8%
Create a hole with revolving toolBORE
87.6%
European capital on the Aare RiverBERN
87.1%
Surname of often killed actor SeanBEAN
84.4%
Interrogative pronoun to specify which thingWHAT
77.5%

Today's Daily Dose

You're not logged in!

Compare scores with friends on all Sporcle quizzes.
Join for Free
OR
Log In

You Might Also Like...

Show Comments

Extras

Top Quizzes Today


Score Distribution

Your Account Isn't Verified!

In order to create a playlist on Sporcle, you need to verify the email address you used during registration. Go to your Sporcle Settings to finish the process.

Report this User

Report this user for behavior that violates our Community Guidelines.

Details: